000 01072nam a2200289Ia 4500
001 ebr10073602
003 CaPaEBR
006 m u
007 cr cn|||||||||
008 040629s2005 mau s 000 0 eng d
010 _z 2004109697
020 _z1592005853
040 _aCaPaEBR
_cCaPaEBR
035 _a(OCoLC)614526856
050 1 4 _aQA76.76.C672
_bH37 2005eb
082 0 4 _a794.8/1526
_222
100 1 _aHarbour, Jonathan.
245 1 0 _aBeginning game programming
_h[electronic resource] /
_cJonathan Harbour.
260 _aBoston, MA :
_bCourse Technology PTR,
_c2005.
300 _axv, 337 p.
533 _aElectronic reproduction.
_bPalo Alto, Calif. :
_cebrary,
_d2009.
_nAvailable via World Wide Web.
_nAccess may be limited to ebrary affiliated libraries.
650 0 _aComputer games
_xDesign.
650 0 _aComputer games
_xProgramming.
655 7 _aElectronic books.
_2local
710 2 _aebrary, Inc.
856 4 0 _uhttp://site.ebrary.com/lib/rucke/Doc?id=10073602
_zAn electronic book accessible through the World Wide Web; click to view
999 _c154192
_d154192